Sports Quiz

Random Sports or WWE Quiz

CHIKARA King of Trios 2016 Participants Quiz Stats

 Plays Quiz not verified by Sporcle

Challenge
Share
Tweet
Embed
Score 0/48 Timer 05:00
0 Plays Today
Team Wrestler % Correct
JLAMissile Assault Man
86.4%
The ColonySoldier Ant
81.4%
JLAWorker Ant
81.4%
The ColonyFire Ant
79.7%
JLABullet Ant
79.7%
Original Divas RevolutionMickie James
76.3%
The ColonySilver Ant
76.3%
Warriors ThreePrincess Kimberlee
74.6%
Original Divas RevolutionVictoria
72.9%
Nightmare WarriorsIcarus
72.9%
Original Divas RevolutionJazz
71.2%
Nightmare WarriorsHallowicked
71.2%
Team Cruiserweight ClassicJohnny Gargano
69.5%
Major League MoustacheDasher Hatfield
69.5%
The Snake PitOphidian
69.5%
Team Cruiserweight ClassicCedric Alexander
67.8%
Team Cruiserweight ClassicDrew Gulak
67.8%
Major League MoustacheTrent Seven
66.1%
Major League MoustacheTyler Bate
66.1%
The Snake PitAmasis
66.1%
Nightmare WarriorsJigsaw
66.1%
Warriors ThreeOleg the Usurper
64.4%
The BatiriKodama
62.7%
Warriors ThreeEstonian Thunderfrog
61%
Team Wrestler % Correct
The United NationsThe Proletariat Boar of Moldova
61%
The Snake PitArgus
61%
SHIMMERCandice LeRae
59.3%
SHIMMERCrazy Mary Dobson
59.3%
The United NationsJuan Francisco de Coronado
59.3%
Team Police SquadOfficer Warren Barksdale
59.3%
The United NationsPrakash Sabar
57.6%
Team Police Squad'Supercop' Dick Justice
57.6%
The BatiriObariyon
57.6%
The BatiriKobald
57.6%
The Submission SquadGary the Barn Owl
57.6%
JWPCommand Bolshoi
54.2%
-Heidi Lovelace
52.5%
SENDAI GirlsDASH Chisako
50.8%
SENDAI GirlsMeiko Satomura
49.2%
SHIMMERSolo Darling
49.2%
SENDAI GirlsCassandra Miyagi
47.5%
The Submission SquadPierre Abernathy
47.5%
The Submission SquadDavey Vega
47.5%
Team Police SquadBill Carr
44.1%
-Hype Rockwell
42.4%
-Race Jaxon
40.7%
JWPHanako Nakamori
33.9%
JWPManami Katsu
33.9%

You're not logged in!

Compare scores with friends on all Sporcle quizzes.
OR
Log In

You Might Also Like...

Show Comments

Extras

Top Quizzes Today


Score Distribution

Your Account Isn't Verified!

In order to create a playlist on Sporcle, you need to verify the email address you used during registration. Go to your Sporcle Settings to finish the process.

Report this User

Report this user for behavior that violates our Community Guidelines.

Details: